Start with Why (Record no. 21912)

MARC details
000 -LEADER
fixed length control field 00335nam a22001457a 4500
008 - FIXED-LENGTH DATA ELEMENTS--GENERAL INFORMATION
fixed length control field 260211b |||||||| |||| 00| 0 eng d
020 ## - INTERNATIONAL STANDARD BOOK NUMBER
ISBN 978-0-241-95822-3
100 ## - MAIN ENTRY--AUTHOR NAME
Personal name S. Sinek
245 ## - TITLE STATEMENT
Title Start with Why
260 ## - PUBLICATION, DISTRIBUTION, ETC. (IMPRINT)
Place of publication India
Name of publisher Penguin
Year of publication 2009
300 ## - PHYSICAL DESCRIPTION
Number of Pages 246
650 ## - SUBJECT ADDED ENTRY--TOPICAL TERM
Topical Term Management
942 ## - ADDED ENTRY ELEMENTS (KOHA)
Source of classification or shelving scheme Dewey Decimal Classification
Koha item type Books
Holdings
Accession Number Cost, normal purchase price Source of acquisition Price effective from Koha item type Withdrawn / writtenoff status Damaged status Not for loan Permanent Location Current Location Shelving location Date acquired Lost/ Missing status department
MBA 5277 1188.00 Received From Director Office (Donated) 02/11/2026 Books       MIET Library, Jammu MIET Library, Jammu 193/2 02/11/2026   MBA